Datum a čas kvízu
22
Celkem bodů
Celkový počet nahraných bodů na tomto kvízu bez doplňovacích otázek.
10.
Pořadí na kvízu
Konečné umístění týmu na tomto kvízu.
Zaznamenané odpovědi
| # | Otázka | Odpověď | Body | Výsledky |
|---|---|---|---|---|
| 1. | V pátek se dostala do prodeje... | vlky | 0 | |
| 2. | Jak se jmenuje politik, který... | David Cameron | 0 | |
| 3. | Drony na Havaji zachytily neob... | barví se do růžova | 0 | |
| 4. | Který maloobchodní řetězec půs... | Billa | 0 | |
| 5. | Napište název nočního klubu v... | Belmondo | 1 | |
| 6. | Na začátek tématu a otázky si... | druhým | 1 | |
| 7. | Rozlohou druhé největší africk... | Tanganika | 0 | |
| 8. | Novinář Tomáš Poláček se před... | 1D 2C 3A 4B | 0 | |
| 9. | Jak se jmenuje město na úpatí... | Kapské město (Cape Town) | 1 | |
| 10. | Afrika se trhá, od zbytku se o... | C | 0 |